000
00203 a2200097 4500
001
45990
100
_a
Clarke
245
_a
Boxing for boys
260
_a
London
_b
Martin's Lane
_c
090
_c
29110
_d
29110
942
_a
NUST-CAE
_c
M
_c
21237
999
_c
281063
_d
281063